Name That Movie Character! - Statistics

General Stats
  • This quiz has been taken 25 times
  • The average score is 7 of 15
Answer Stats
Picture Answer % Correct
Moana
95%
C-3PO
91%
Deadpool
91%
Venom
82%
Anna
73%
Johnny English
55%
Bridget Jones
50%
Miguel
36%
Dewey Finn
27%
Hunter S. Thompson
23%
Ennis Del Mar
18%
Joseph Cooper
18%
Olive Hoover
14%
Tony Manero
14%
Sebastian Hastings
5%
No matching quizzes found
Score Distribution
Percent of People with Each Score
Percentile by Number Answered
Your Score History
You have not taken this quiz